New millennium Pakistan affairs (Record no. 174523)

000 -LEADER
fixed length control field 00638nam a22001937a 4500
003 - CONTROL NUMBER IDENTIFIER
control field Nust
005 - DATE AND TIME OF LATEST TRANSACTION
control field 20180117090022.0
008 - FIXED-LENGTH DATA ELEMENTS--GENERAL INFORMATION
fixed length control field 170131b xxu||||| |||| 00| 0 eng d
020 ## - INTERNATIONAL STANDARD BOOK NUMBER
International Standard Book Number 9694780012
040 ## - CATALOGING SOURCE
Transcribing agency 0
082 ## - DEWEY DECIMAL CLASSIFICATION NUMBER
Classification number 309.1549
100 ## - MAIN ENTRY--PERSONAL NAME
Relator code M. Ikram Rabbani
245 ## - TITLE STATEMENT
Title New millennium Pakistan affairs
Remainder of title for CSS, PMS & other competetive examinations
Statement of responsibility, etc. M. Ikram Rabbani
250 ## - EDITION STATEMENT
Edition statement 20th
260 ## - PUBLICATION, DISTRIBUTION, ETC.
Place of publication, distribution, etc. Lahore
Name of publisher, distributor, etc. Carvan Book House
Date of publication, distribution, etc. 2013
300 ## - PHYSICAL DESCRIPTION
Extent 603p
942 ## - ADDED ENTRY ELEMENTS (KOHA)
Source of classification or shelving scheme
Koha item type Book
Holdings
Withdrawn status Lost status Source of classification or shelving scheme Damaged status Not for loan Collection code Permanent Location Current Location Shelving location Date acquired Total Checkouts Total Renewals Full call number Barcode Date last seen Date last checked out Price effective from Koha item type
            Central Library (CL) Central Library (CL) General Stacks 01/31/2017 11 5 309.1549 RAB S3H-D-189 04/29/2026 04/15/2026 01/31/2017 Book
© 2023 Central Library, National University of Sciences and Technology. All Rights Reserved.